| АИС "Историко-культурное наследие Беларуси" | ||
| Базовый | Расширенный | Профессиональный | Словарь персоналий | Тематический словарь | По видам объектов | История запросов Заказы | Регистрация | |
Запись в MARC-формате
| копировать MARC-запись |
=LDR 00000nx\\c2200193\\\45\\
=001 BY-NLB-ar2787139
=005 20160330095630.8
=100 \\$a20080221arusy50\\\\\\ca0
=152 \\$apsbo
=160 \\$ae-bw
=215 \\$aКостел Внебовзятия Наисвятейшей Девы Марии (Дарево, агрогородок; Ляховичский район)
=300 1\$aПостроен в 1440 г. Разрушен в 1925 г. В 1930-я гг. началось строительство нового кирпичного храма.
=356 \\$aНаходится в деревне Дарево Ляховичского района Брестской области.
=415 \\$aКостел Наисвятейшей Девы Марии (Дарево, деревня; Ляховичский район)
=515 \\$5w$3BY-NLB-ar2787103$aКасцёл Унебаўзяцця Найсвяцейшай Дзевы Марыі (Дарава, вёска; Ляхавіцкі раён)
=801 \0$aBY$bBY-HM0000$c20080221
=810 \\$aКаталіцкія храмы на Беларусі : энцыклапедычны даведнік / А. М. Кулагін. — Мінск, 2000.
=810 \\$aКаталіцкія храмы Беларусі / А. М. Кулагін. — Мінск, 2008.
=999 \\$f2786$t20080221$k2786
Чтобы вернуться назад, щелкните кнопку BACK на Вашем браузере